[Event "27th Hoogeveen Open 2024"]
[Site "Hoogeveen NED"]
[Date "2024.10.30"]
[Round "5.7"]
[White "Bosboom, Manuel"]
[Black "Kovalskyi, Roman"]
[Result "1-0"]
[WhiteTitle "IM"]
[WhiteElo "2354"]
[BlackElo "2124"]
[WhiteFideId "1000080"]
[BlackFideId "14184214"]
[EventDate "2024.10.26"]

1. Nf3 d5 2. g3 c5 3. Bg2 Nf6 4. O-O e6 5. d3 Bd6 6. Nbd2 Nc6 7. e4 O-O 8. b3 b5
9. Bb2 Bc7 10. exd5 exd5 11. d4 c4 12. Ne5 Na5 13. a4 bxa4 14. bxc4 Rb8 15. Bc3
Bd7 16. cxd5 Bxe5 17. dxe5 Bg4 18. Bxa5 Qxa5 19. Nc4 Qc5 20. Qd3 Rb4 21. Ne3 Nd7
22. c3 Rb3 23. Nxg4 Rxc3 24. Qf5 Nb6 25. Nf6+ 1-0

[Event "27th Hoogeveen Open 2024"]
[Site "Hoogeveen NED"]
[Date "2024.10.30"]
[Round "5.8"]
[White "Bakija, Alan"]
[Black "Slagboom, Leandro"]
[Result "0-1"]
[BlackTitle "FM"]
[WhiteElo "2192"]
[BlackElo "2345"]
[WhiteFideId "1068016"]
[BlackFideId "1065882"]
[EventDate "2024.10.26"]

1. Nf3 Nf6 2. c4 g6 3. d4 Bg7 4. g3 O-O 5. Bg2 d6 6. Nc3 Bg4 7. h3 Bxf3 8. Bxf3
Nc6 9. O-O Nd7 10. e3 e5 11. Ne2 Qf6 12. Bg2 exd4 13. exd4 Nxd4 14. Nxd4 Qxd4
15. Be3 Qxb2 16. Rb1 Qxa2 17. Rxb7 Rac8 18. Qb1 Qxb1 19. Rfxb1 a5 20. Ra7 Bc3
21. Rbb7 Ne5 22. Bh6 Rfd8 23. Rxc7 Rxc7 24. Rxc7 Bd4 25. Bd5 a4 26. Bc1 h6 27.
Ba3 Rd7 28. Rc8+ Kg7 29. Ra8 Nd3 30. Rxa4 Nxf2 31. Kg2 Nd1 32. Ra6 Be5 33. Kf3
Nc3 34. Bc6 Re7 35. Bb4 Nd1 36. Bd5 Rd7 37. Ke2 Nb2 38. Ba3 Rc7 39. Bxd6 Bxd6
40. Rxd6 Nxc4 41. Bxc4 Rxc4 42. Kf3 g5 43. Ra6 h5 44. Ra3 Kg6 45. Ra6+ Kg7 46.
Ra3 h4 47. gxh4 Rxh4 48. Kg3 Kg6 49. Ra6+ Kg7 50. Ra5 Kg6 51. Ra6+ f6 52. Rb6
Ra4 53. Rc6 Re4 54. Kf3 Rf4+ 55. Kg3 Re4 56. Kf3 Re7 57. Ra6 Re8 58. Kg4 Kf7 59.
Kh5 Rh8+ 60. Kg4 Rh4+ 61. Kg3 Re4 62. Rb6 f5 63. Ra6 Re3+ 64. Kg2 Re6 65. Ra8
Rb6 66. Rc8 Kf6 67. Rg8 Rb3 68. Ra8 Ke5 69. Ra4 Rd3 70. Ra2 Ke4 71. Re2+ Re3 72.
Ra2 Ke5 73. Ra5+ Kf4 74. Ra2 Rg3+ 75. Kh2 Rd3 76. Rf2+ Ke4 77. Kg2 Rc3 78. Re2+
Kd4 79. Rf2 Rc5 80. Kf3 Rc3+ 81. Kg2 Ke5 82. Re2+ Kf6 83. Re8 f4 84. Rf8+ Ke5
85. Rg8 Kf5 86. Rf8+ Ke4 87. Re8+ Kd4 88. Rd8+ Ke3 89. Re8+ Kd2 90. Re5 Rg3+ 91.
Kf2 Kd3 92. Ra5 Ke4 93. Rb5 Kd4 94. Ra5 Ke4 95. Rb5 Ra3 96. Rb4+ Kf5 97. Rb5+
Kg6 98. Kg2 Ra2+ 99. Kg1 Kh5 100. Rb3 Kh4 101. Rb5 Ra3 102. Kg2 Rg3+ 103. Kf2
Kxh3 104. Rb8 Kg4 0-1

[Event "27th Hoogeveen Open 2024"]
[Site "Hoogeveen NED"]
[Date "2024.10.30"]
[Round "5.9"]
[White "Madularea, David"]
[Black "Van Dael, Siem"]
[Result "1-0"]
[BlackTitle "FM"]
[WhiteElo "2151"]
[BlackElo "2279"]
[WhiteFideId "1070215"]
[BlackFideId "1049771"]
[EventDate "2024.10.26"]

1. e4 c5 2. Nf3 Nc6 3. d4 cxd4 4. Nxd4 Nf6 5. Nc3 e5 6. Ndb5 d6 7. Nd5 Nxd5 8.
exd5 Nb8 9. a4 Be7 10. Bd2 O-O 11. a5 a6 12. Na3 Nd7 13. Nc4 f5 14. Bb4 Rf6 15.
Be2 Rb8 16. Ra3 Nf8 17. g3 Ng6 18. Kd2 Bd7 19. Kc1 Bb5 20. Nb6 Qe8 21. c4 Bd7
22. Rc3 e4 23. Kb1 Ne5 24. Qd4 f4 25. Nxd7 Qxd7 26. Qxe4 f3 27. Bd1 Rc8 28. Ba3
Bd8 29. b4 Qf5 30. Qxf5 Rxf5 31. Bc2 Rg5 32. Bb3 Bf6 33. Rhc1 Rh5 34. h4 g5 35.
hxg5 Bxg5 36. R1c2 Rh1+ 37. Ka2 Re1 38. b5 axb5 39. cxb5 Rxc3 40. Rxc3 Re2+ 41.
Rc2 Bd8 42. b6 Nd3 43. Bxd6 Nxf2 44. a6 Ne4 45. axb7 Nc3+ 46. Kb2 f2 47. b8=Q
f1=Q 48. Qxd8+ Kg7 49. Qf8+ 1-0

[Event "27th Hoogeveen Open 2024"]
[Site "Hoogeveen NED"]
[Date "2024.10.30"]
[Round "5.10"]
[White "Plukkel, Sjoerd"]
[Black "De Wit, Michel"]
[Result "1/2-1/2"]
[WhiteTitle "FM"]
[BlackTitle "FM"]
[WhiteElo "2210"]
[BlackElo "2108"]
[WhiteFideId "1008676"]
[BlackFideId "1002210"]
[EventDate "2024.10.26"]

1. d4 Nf6 2. c3 d5 3. Bg5 Nbd7 4. Nf3 e6 5. Nbd2 h6 6. Bh4 g5 7. Bg3 Ne4 8. Nxe4
dxe4 9. Ne5 Bg7 10. Qc2 f5 11. Ng6 Rg8 12. h4 Kf7 13. h5 Nf8 14. Ne5+ Bxe5 15.
Bxe5 Nd7 16. O-O-O Nxe5 17. dxe5 Qe7 18. f3 Qc5 19. g4 e3 20. gxf5 exf5 21. Qb3+
Kg7 22. f4 Qc6 23. fxg5 Be6 24. Qa3 hxg5 25. Qe7+ Bf7 26. Rd7 Raf8 27. Rg1 Kh8
28. Rxg5 Rxg5 29. Qxf8+ Bg8 30. Qe7 Rg1 31. Rd1 Qe6 32. Qf8 Rg7 33. h6 Rf7 34.
Qc5 Qxa2 35. Bh3 Qa1+ 36. Kc2 Qa4+ 37. Kc1 Qa1+ 1/2-1/2

[Event "27th Hoogeveen Open 2024"]
[Site "Hoogeveen NED"]
[Date "2024.10.30"]
[Round "5.11"]
[White "Govoreanu, Matei"]
[Black "Terlouw, Wouter"]
[Result "1-0"]
[BlackTitle "CM"]
[WhiteElo "2142"]
[BlackElo "2198"]
[WhiteFideId "258059"]
[BlackFideId "1087401"]
[EventDate "2024.10.26"]

1. e4 c5 2. Nf3 Nc6 3. d4 cxd4 4. Nxd4 Nf6 5. Nc3 e5 6. Ndb5 d6 7. Nd5 Nxd5 8.
exd5 Nb8 9. Qf3 Be7 10. Qc3 Na6 11. Be3 f5 12. f4 Bf6 13. Qa3 O-O 14. O-O-O g5
15. g3 Nc7 16. Qxd6 Qxd6 17. Nxd6 Rd8 18. Nxc8 gxf4 19. gxf4 Raxc8 20. fxe5 Bxe5
21. Bg5 Rd7 22. Bd3 Rf7 23. d6 Ne6 24. Rhe1 Rc5 25. b4 Rd5 26. Bc4 Rxd1+ 27.
Kxd1 Nxg5 28. Rxe5 1-0

[Event "27th Hoogeveen Open 2024"]
[Site "Hoogeveen NED"]
[Date "2024.10.30"]
[Round "5.12"]
[White "Ten Dam, Bram"]
[Black "Ritzerveld, Noah"]
[Result "1-0"]
[BlackTitle "FM"]
[WhiteElo "2006"]
[BlackElo "2281"]
[WhiteFideId "40104877"]
[BlackFideId "1085760"]
[EventDate "2024.10.26"]

1. b3 e5 2. Bb2 Nc6 3. e3 d5 4. Bb5 Bd6 5. Nf3 Qe7 6. c4 dxc4 7. bxc4 Nf6 8. c5
Bxc5 9. Nxe5 O-O 10. Bxc6 bxc6 11. O-O Bb7 12. d4 Bd6 13. Nd2 c5 14. Ndf3 Rfd8
15. Qc2 cxd4 16. exd4 Be4 17. Qe2 Bd5 18. Qc2 Rab8 19. Rfe1 Qf8 20. Bc1 c5 21.
dxc5 Bxc5 22. Bg5 Rb6 23. h3 h6 24. Be3 Bxe3 25. Rxe3 Qb4 26. Rd1 Rbd6 27. Rb1
Qa5 28. a3 Qa6 29. Qe2 Qc8 30. Qb2 Qa8 31. Rc1 Be6 32. Ree1 Nd5 33. Red1 Bc8 34.
Nc4 Re6 35. Ne3 Bb7 36. Nf5 Rf6 37. Ng3 Nb6 38. Rxd8+ Qxd8 39. Ne5 Qd5 40. f3
Na4 41. Qa1 Re6 42. Rc7 Nc5 43. Nxf7 Rg6 44. Qe5 Ne6 45. Re7 Kf8 46. Rxb7 Qxb7
47. Nd6 Qb6+ 48. Kh2 Qd4 49. Qh5 Qf6 50. Qb5 Qd8 51. Ngf5 Kg8 52. h4 Nc7 53.
Qc4+ Kh7 54. Qc2 h5 55. Nf7 Qf6 56. Ng5+ Rxg5 57. hxg5 Qe5+ 58. f4 Qxf4+ 59. g3
Qe5 60. Ne7+ 1-0

[Event "27th Hoogeveen Open 2024"]
[Site "Hoogeveen NED"]
[Date "2024.10.30"]
[Round "5.13"]
[White "Emans, Job"]
[Black "De Jong, Migchiel"]
[Result "1-0"]
[BlackTitle "IM"]
[WhiteElo "2118"]
[BlackElo "2288"]
[WhiteFideId "1051393"]
[BlackFideId "1002848"]
[EventDate "2024.10.26"]

1. d4 e6 2. c4 Bb4+ 3. Bd2 a5 4. a3 Bxd2+ 5. Qxd2 Nf6 6. Nc3 d6 7. Nf3 Nbd7 8.
e4 O-O 9. O-O-O Qe7 10. Bd3 e5 11. Bc2 c6 12. h3 Nb6 13. Qd3 Nh5 14. Ne2 Qf6 15.
c5 Nf4 16. Nxf4 Qxf4+ 17. Kb1 dxc5 18. dxc5 Nd7 19. Qc3 Qf6 20. Rd6 Qe7 21. Rhd1
Re8 22. Bb3 a4 23. Ba2 Nf8 24. Nd2 Qg5 25. Qf3 Be6 26. Nc4 Qe7 27. Nb6 Bxa2+ 28.
Kxa2 Ra6 29. Qc3 Qg5 30. g3 Ne6 31. h4 Qh5 32. Rd7 Nd4 33. Re1 Ra7 34. Nc4 Nb5
35. Qxe5 Qxe5 36. Nxe5 Raa8 37. Nxf7 Rf8 38. Nd6 Rxf2 39. Nxb5 cxb5 40. Rxb7 1-0

[Event "27th Hoogeveen Open 2024"]
[Site "Hoogeveen NED"]
[Date "2024.10.30"]
[Round "5.14"]
[White "Kukushkin, Ivan"]
[Black "Duson, Robin"]
[Result "1/2-1/2"]
[WhiteElo "2084"]
[BlackElo "2177"]
[WhiteFideId "11634103"]
[BlackFideId "1055038"]
[EventDate "2024.10.26"]

1. e4 e5 2. Nf3 Nc6 3. Bb5 a6 4. Ba4 Nf6 5. O-O Be7 6. Bxc6 dxc6 7. d3 Bd6 8.
Nbd2 Be6 9. Nb3 a5 10. Qe1 a4 11. Na5 Qb8 12. Ng5 Bd7 13. Nc4 b5 14. Nxd6+ cxd6
15. f4 h6 16. fxe5 dxe5 17. Nf3 Nh5 18. Be3 O-O 19. Qh4 Nf4 20. Bxf4 exf4 21. e5
f6 22. Qxf4 Qb6+ 23. d4 fxe5 24. Qxe5 Rae8 25. Qd6 Bf5 26. c3 Rf6 27. Qg3 b4 28.
Ne5 c5 29. Rad1 a3 30. Nc4 Qa6 31. b3 bxc3 32. Qxc3 Re2 33. Rd2 cxd4 34. Qxd4
Qe6 35. Rxe2 Qxe2 36. Qf2 Qe4 37. Re1 Qc6 38. Qf3 Qc5+ 39. Qe3 Qb4 40. Rf1 Re6
41. Qf3 Qc5+ 42. Qf2 Qxf2+ 43. Kxf2 Bd3 44. Re1 Bxc4 45. bxc4 Rb6 46. Re2 Rb4
47. Rc2 Rb2 48. Re2 Rb4 49. Re3 Rb2+ 50. Re2 Rb4 51. Re3 Rb2+ 1/2-1/2

[Event "27th Hoogeveen Open 2024"]
[Site "Hoogeveen NED"]
[Date "2024.10.30"]
[Round "5.15"]
[White "Aravindhan, Achyuth"]
[Black "Grooten, Tommy"]
[Result "1/2-1/2"]
[WhiteTitle "CM"]
[WhiteElo "2173"]
[BlackElo "2067"]
[WhiteFideId "1084216"]
[BlackFideId "1068806"]
[EventDate "2024.10.26"]

1. e4 e5 2. Nf3 Nf6 3. d4 Nxe4 4. Bd3 d5 5. Nxe5 Nd7 6. Nc3 Bb4 7. O-O Nxc3 8.
bxc3 Bxc3 9. Rb1 O-O 10. Nxd7 Bxd7 11. Bxh7+ Kxh7 12. Qd3+ Kg8 13. Qxc3 Qf6 14.
Rxb7 Qc6 15. Qb2 Bf5 16. c3 Rfe8 17. Bf4 Bd3 18. Rd1 Re2 19. Rb8+ Kh7 20. Qb4
Qe6 21. h3 Re1+ 22. Rxe1 Qxe1+ 23. Kh2 Qxf2 24. Bc1 Qc2 25. Rxa8 Qxc1 1/2-1/2

[Event "27th Hoogeveen Open 2024"]
[Site "Hoogeveen NED"]
[Date "2024.10.30"]
[Round "5.16"]
[White "Zecha, Oscar"]
[Black "Kazarjan, Gachatur"]
[Result "1-0"]
[WhiteElo "2097"]
[BlackElo "2163"]
[WhiteFideId "1073826"]
[BlackFideId "1068750"]
[EventDate "2024.10.26"]

1. e4 c5 2. Nf3 d6 3. d4 cxd4 4. Nxd4 Nf6 5. Nc3 g6 6. Be3 Nc6 7. f3 h5 8. Qd2
Nxd4 9. Bxd4 Bh6 10. Be3 Bxe3 11. Qxe3 Be6 12. Bb5+ Kf8 13. O-O Qa5 14. Rfd1 Rc8
15. Bf1 h4 16. Rd4 Rh5 17. Rad1 Qc5 18. Qf2 a6 19. Be2 b5 20. a3 Kg7 21. R1d2
Rb8 22. Nd1 Bc4 23. b4 Qc6 24. Bxc4 bxc4 25. Ne3 a5 26. c3 Qa4 27. Nxc4 axb4 28.
cxb4 Rc8 29. Qf1 Qa7 30. Kh1 Rg5 31. f4 Rg4 32. h3 Nh5 33. Qa1 Ng3+ 34. Kh2 Rxf4
35. Nxd6 Rf1 36. Rd1 exd6 37. Rxd6+ Kh7 38. Rxf1 Nxf1+ 39. Qxf1 Qe7 40. Qf6 Qxe4
41. Rd4 1-0

[Event "27th Hoogeveen Open 2024"]
[Site "Hoogeveen NED"]
[Date "2024.10.30"]
[Round "5.17"]
[White "Arnold, Rhys"]
[Black "Yasmo, Daniil"]
[Result "1/2-1/2"]
[WhiteElo "2312"]
[BlackElo "2156"]
[WhiteFideId "1068849"]
[BlackFideId "14199165"]
[EventDate "2024.10.26"]

1. e4 e5 2. Nf3 Nc6 3. Bb5 Nf6 4. d3 Bc5 5. c3 O-O 6. O-O d5 7. exd5 Qxd5 8. Bc4
Qd8 9. Nbd2 a5 10. h3 h6 11. Qc2 Qe7 12. a4 Bf5 13. Ne4 Rad8 14. Re1 Rfe8 15.
Bb5 Nxe4 16. dxe4 Bd7 17. Be3 Bxe3 18. Rxe3 Qc5 19. Qe2 Na7 20. Bxd7 Rxd7 21.
Rd1 Red8 22. Red3 Rd6 23. Rxd6 Rxd6 24. Rxd6 Qxd6 25. Nd2 Nc8 26. Nc4 Qc5 27.
Qd3 Nd6 28. Nxd6 cxd6 29. g3 Kf8 30. h4 h5 31. b3 Ke7 32. c4 1/2-1/2

[Event "27th Hoogeveen Open 2024"]
[Site "Hoogeveen NED"]
[Date "2024.10.30"]
[Round "5.18"]
[White "Van Batenburg, Mees"]
[Black "Vaupot, Luka"]
[Result "0-1"]
[BlackTitle "CM"]
[WhiteElo "2247"]
[BlackElo "2140"]
[WhiteFideId "1078259"]
[BlackFideId "14627671"]
[EventDate "2024.10.26"]

1. e4 c5 2. b4 cxb4 3. a3 b3 4. cxb3 Nf6 5. e5 Nd5 6. Nc3 Nb6 7. a4 d6 8. Bb5+
Nc6 9. a5 Nd7 10. exd6 e6 11. Bb2 Bxd6 12. Ne4 Be5 13. d4 Bf6 14. Nd6+ Kf8 15.
Nf3 Ne7 16. O-O Nd5 17. Qd2 Be7 18. Nc4 a6 19. Bxd7 Bxd7 20. Nfe5 Rc8 21. Qe2 f6
22. Nd3 Kf7 23. Qh5+ g6 24. Qf3 Bc6 25. Rfe1 Kg7 26. Qh3 Bd7 27. Bc1 h5 28. Qf3
Bc6 29. Qe2 Bd7 30. Nf4 Nxf4 31. Bxf4 Bb4 32. Red1 Re8 33. Rd3 Bb5 34. Rad1 Bxc4
35. bxc4 Rxc4 36. Qe4 Qd5 37. Qe3 Bxa5 38. h4 Bb6 39. Qe2 a5 40. Rb3 Rxd4 41.
Rxd4 Qxd4 42. Qb5 Qxf2+ 43. Kh2 Qxf4+ 44. g3 Qf2+ 45. Kh3 Qf5+ 46. Qxf5 gxf5 47.
Rxb6 Ra8 48. Rxe6 Ra7 49. g4 fxg4+ 50. Kg3 a4 51. Re7+ Kg6 52. Re2 a3 53. Ra2 b5 0-1

[Event "27th Hoogeveen Open 2024"]
[Site "Hoogeveen NED"]
[Date "2024.10.30"]
[Round "5.19"]
[White "Grooten, Herman"]
[Black "Van Zutphen, Jimmy"]
[Result "0-1"]
[WhiteTitle "IM"]
[WhiteElo "2216"]
[BlackElo "2125"]
[WhiteFideId "1000330"]
[BlackFideId "1013890"]
[EventDate "2024.10.26"]

1. Nf3 f5 2. d4 Nf6 3. g3 e6 4. Bg2 d5 5. O-O Bd6 6. b3 Qe7 7. c4 c6 8. a4 O-O
9. Ba3 Bxa3 10. Nxa3 Bd7 11. Nc2 Be8 12. Nce1 Bh5 13. Ne5 Nbd7 14. N1d3 Nxe5 15.
dxe5 Nd7 16. Rc1 dxc4 17. Rxc4 Rad8 18. Qe1 Nb6 19. Rc2 g5 20. a5 Nd5 21. a6 f4
22. axb7 Qxb7 23. Nc5 Qe7 24. Qc1 Bxe2 25. Rxe2 f3 26. Bxf3 Rxf3 27. Qc4 Rc3 28.
Qg4 Rxc5 29. h4 Rf8 30. hxg5 Rf5 31. f4 Rc3 32. Rff2 Rxb3 33. Ra2 Ne3 34. Qf3
Qc5 35. Kh2 Nf1+ 36. Rxf1 Rxf3 37. Rxf3 Rf7 38. Rd3 Kg7 39. Rd6 a5 40. Rb2 a4
41. Rb8 a3 42. Kh3 a2 43. Rdd8 Kg6 0-1

[Event "27th Hoogeveen Open 2024"]
[Site "Hoogeveen NED"]
[Date "2024.10.30"]
[Round "5.20"]
[White "Goudriaan, Rafael"]
[Black "Nissinen, Niilo Man"]
[Result "1/2-1/2"]
[BlackTitle "CM"]
[WhiteElo "2101"]
[BlackElo "2204"]
[WhiteFideId "1063162"]
[BlackFideId "30950767"]
[EventDate "2024.10.26"]

1. e4 e5 2. Nf3 Nc6 3. Bc4 Bc5 4. c3 Nf6 5. d3 d6 6. O-O a6 7. a4 Ba7 8. h3 h6
9. Be3 Bxe3 10. fxe3 Be6 11. Nbd2 O-O 12. Qe1 Bxc4 13. Nxc4 d5 14. Ncxe5 Nxe5
15. Nxe5 Qd6 16. Rf5 Rae8 17. Ng4 Nxg4 18. hxg4 dxe4 19. d4 g6 20. Rf4 b5 21.
axb5 axb5 22. Qf2 Ra8 23. Rf1 Qd5 24. Qc2 Rae8 25. b3 Re7 26. c4 bxc4 27. bxc4
Qa8 28. d5 Rfe8 29. Qf2 Rf8 30. Qh4 Qa3 31. R4f2 Kg7 32. Qf6+ Kg8 33. g5 hxg5
34. Qxg5 Rd7 35. Qh6 Qc3 36. Qh3 Rd6 37. g4 Ra6 38. Rh2 Qg7 39. Qg3 Ra1 40. Rf2
Rxf1+ 41. Rxf1 Qc3 42. Qxc7 Qxe3+ 43. Rf2 Qe1+ 44. Rf1 Qe2 45. Qf4 Qxc4 46. d6
Re8 47. Re1 Re6 48. Rf1 Re8 49. Re1 Qc5+ 50. Kg2 e3 51. d7 Qd5+ 52. Kg3 Qxd7 53.
Rxe3 Rc8 54. Rf3 Ra8 55. Qf6 Ra4 56. Qg5 Qd6+ 57. Kh3 Qd1 58. Re3 Ra8 59. Qe5
Qh1+ 60. Qh2 Qb1 61. Qe5 Rc8 62. Qe4 Qf1+ 63. Qg2 Qc1 64. Qe4 Rc2 65. Qf3 Qd2
66. Qg3 Rc8 67. Qf3 Qd4 68. Qe4 Qf6 69. Rf3 Qh8+ 70. Kg3 Qa1 71. Qb7 Qg1+ 72.
Kh3 Rf8 73. Qb3 Kg7 74. Qc3+ Kh7 75. Qf6 Kg8 76. Rf1 Qe3+ 77. Rf3 Qd2 78. Qc3
Qd5 79. Qb3 Qe6 80. Qxe6 fxe6 81. Re3 Kf7 82. Kh4 Ra8 83. Kg5 Ra5+ 84. Kh6 g5
85. Rf3+ Ke7 86. Kg6 Kd6 87. Re3 1/2-1/2

[Event "27th Hoogeveen Open 2024"]
[Site "Hoogeveen NED"]
[Date "2024.10.30"]
[Round "5.21"]
[White "Mostertman, Milan"]
[Black "Wildschut, Marcel"]
[Result "1-0"]
[WhiteTitle "FM"]
[WhiteElo "2201"]
[BlackElo "2069"]
[WhiteFideId "1025848"]
[BlackFideId "1019139"]
[EventDate "2024.10.26"]

1. e4 e6 2. d4 d5 3. Nd2 c5 4. Ngf3 Nc6 5. exd5 exd5 6. dxc5 Bxc5 7. Nb3 Be7 8.
Nfd4 Nf6 9. Be2 O-O 10. O-O h6 11. c3 Re8 12. Qc2 Bd6 13. g3 a6 14. Bf3 Bh3 15.
Bg2 Bxg2 16. Kxg2 Ne7 17. Nf5 Nxf5 18. Qxf5 Qe7 19. Be3 Qe4+ 20. Qf3 Ng4 21.
Qxe4 dxe4 22. Rad1 Nxe3+ 23. fxe3 Rad8 24. Rd4 Bc7 25. Nc5 Bb6 26. Rxd8 Rxd8 27.
Nxe4 Bxe3 28. g4 b5 29. Ra1 g6 30. Re1 Bb6 31. Rf1 Kg7 32. Rf6 Re8 33. Rxb6 Rxe4
34. Kf3 Re6 35. Rxe6 fxe6 36. Ke4 Kf6 37. b3 e5 38. c4 Ke6 39. cxb5 axb5 40. a4 1-0

[Event "27th Hoogeveen Open 2024"]
[Site "Hoogeveen NED"]
[Date "2024.10.30"]
[Round "5.22"]
[White "Lardinois, Wouter"]
[Black "Boeren, Jurriaan"]
[Result "0-1"]
[WhiteElo "2025"]
[BlackElo "2159"]
[WhiteFideId "1039997"]
[BlackFideId "1067478"]
[EventDate "2024.10.26"]

1. e4 e5 2. Nf3 Nc6 3. Bb5 a6 4. Ba4 Nf6 5. O-O Be7 6. d3 b5 7. Bb3 d6 8. c3 O-O
9. a4 Bd7 10. Bg5 Na5 11. Bc2 c5 12. d4 Qc7 13. Nbd2 Rfc8 14. d5 Bg4 15. h3 Bxf3
16. Nxf3 c4 17. axb5 axb5 18. Ra3 Nb7 19. Qa1 Qd8 20. Be3 Nd7 21. Ba7 Qe8 22.
Qa2 Bd8 23. Ra1 Bb6 24. Qb1 Qd8 25. R1a2 Ba5 26. Be3 Bb6 27. Bxb6 Nxb6 28. Qa1
Nc5 29. Ra5 Rxa5 30. Rxa5 Ra8 31. Qa3 Qb8 32. Qb4 Rxa5 33. Qxa5 Nba4 34. Qb4 g6
35. Nd2 Na6 36. Qa3 N4c5 37. b4 cxb3 38. Nxb3 Qb6 39. Qa5 Qxa5 40. Nxa5 Kf8 41.
f3 Kg7 42. Kf2 Kf6 43. g3 Kg5 44. h4+ Kh5 45. Bd1 Kh6 46. Ke3 Kg7 47. Nc6 Na4
48. Kd2 f5 49. exf5 gxf5 50. Ne7 Kf6 51. Nc8 e4 52. Nxd6 e3+ 53. Kd3 N6c5+ 54.
Kd4 e2 55. Bxe2 Nb3+ 56. Ke3 Nxc3 57. Nxb5 Nxd5+ 58. Kf2 Nc5 59. Bc4 Nb6 60. Ba2
Nbd7 61. Nd4 Ke5 62. Ke3 Nb6 63. f4+ Kf6 64. Ne2 Ne6 65. Nd4 Ng7 66. Bb3 Nd7 67.
Bc2 Nb6 68. Bb3 Nd7 69. Nb5 Nh5 70. Kf3 Nc5 71. Bc2 Ne6 72. Bxf5 Kxf5 73. g4+
Kg6 74. f5+ Kf6 75. fxe6 Ng7 76. Nd4 Ke5 77. Ke3 Ne8 78. Nf3+ Kf6 79. Kf4 Nc7
80. Nd4 Nd5+ 81. Ke4 Nc3+ 82. Kf4 Nd5+ 83. Ke4 Nc3+ 84. Kf3 Nd5 85. g5+ Ke5 86.
h5 Kxd4 87. g6 h6 88. g7 Ne7 89. Kf4 Kd5 90. g8=Q Nxg8 91. Kf5 Kd6 92. e7 Kxe7
93. Kg6 Ke6 94. Kg7 Kf5 95. Kxg8 Kg5 96. Kf7 Kxh5 0-1

[Event "27th Hoogeveen Open 2024"]
[Site "Hoogeveen NED"]
[Date "2024.10.30"]
[Round "5.23"]
[White "Vaupot, Kajetan"]
[Black "Knol, Geon"]
[Result "1-0"]
[WhiteElo "1870"]
[BlackElo "2098"]
[WhiteFideId "14641003"]
[BlackFideId "1012142"]
[EventDate "2024.10.26"]

1. d4 c6 2. Nf3 Nf6 3. g3 d6 4. c4 Nbd7 5. Bg2 Rb8 6. O-O b5 7. Qc2 h5 8. Rd1
bxc4 9. Qxc4 Nb6 10. Qc2 Bg4 11. Nh4 d5 12. h3 Be6 13. Nc3 Qd7 14. Kh2 Nh7 15.
f4 f6 16. f5 Bf7 17. e4 Ng5 18. e5 e6 19. Ng6 Bxg6 20. fxg6 h4 21. gxh4 Rxh4 22.
Qf2 Rh5 23. h4 Ne4 24. Nxe4 dxe4 25. Bxe4 Be7 26. Qf3 Rxh4+ 27. Kg3 Rxe4 28.
Qxe4 fxe5 29. Rh1 Qxd4 30. Qxc6+ Nd7 31. Rh8+ Bf8 32. Qxe6+ Kd8 33. Bg5+ Kc7 34.
Rc1+ Bc5 35. Rxb8 Kxb8 36. Qb3+ Kc7 37. Qf7 a5 38. Qxg7 Qf2+ 39. Kg4 Qg2+ 40.
Kh4 Qf2+ 41. Kg4 Qe2+ 42. Kh4 Qe4+ 43. Kg3 Qd3+ 44. Kh4 Kb6 45. Rxc5 Qe4+ 46.
Kh5 Qf3+ 47. Kh4 Qh1+ 48. Kg4 Qg2+ 49. Kh4 Qh2+ 50. Kg4 Qg2+ 51. Kh4 Qe4+ 52.
Kh5 Qe2+ 53. Kh4 Nxc5 54. Qf6+ Kb5 55. g7 Qc4+ 56. Kh5 Nd7 57. Qf3 Nc5 58. Qf8
Qe2+ 59. Kh6 Qh2+ 60. Kg6 Qc2+ 61. Qf5 Qc4 62. Kh7 Qe2 63. g8=Q Qh5+ 64. Kg7 1-0

[Event "27th Hoogeveen Open 2024"]
[Site "Hoogeveen NED"]
[Date "2024.10.30"]
[Round "5.24"]
[White "Van der Lubben, Arno"]
[Black "Gerrits, Augustin"]
[Result "1/2-1/2"]
[WhiteElo "1997"]
[BlackElo "1939"]
[WhiteFideId "1068920"]
[BlackFideId "285358"]
[EventDate "2024.10.26"]

1. d4 d5 2. c4 c6 3. Nc3 Nf6 4. Nf3 e6 5. Bg5 Be7 6. e3 Nbd7 7. Bd3 O-O 8. O-O
dxc4 9. Bxc4 Nd5 10. Bxe7 Qxe7 11. e4 Nxc3 12. bxc3 b6 13. e5 Bb7 14. a4 Rfd8
15. Nd2 c5 16. f4 cxd4 17. cxd4 Rac8 18. Qb3 Nc5 19. Qe3 Qd7 20. Nf3 Bxf3 21.
dxc5 Rxc5 22. Bxe6 Qxe6 23. Qxf3 g6 24. h3 Qc6 25. Qxc6 Rxc6 26. a5 Rd2 27. Rfc1
Rxc1+ 28. Rxc1 bxa5 29. Rc7 Kf8 30. Rxa7 Ra2 31. Kh2 a4 32. h4 h5 33. Kg3 a3 34.
Kh2 Ra1 35. g3 Ke8 36. Kg2 Ra2+ 37. Kf3 Ra1 38. Kg2 a2 39. Kh2 Kd8 40. Kg2 Kc8
41. Kh2 Kb8 42. Ra3 Kb7 43. Rb3+ Kc6 44. Ra3 Kb5 45. Ra7 Kc4 46. Kg2 Kb3 47.
Rb7+ Kc2 48. Ra7 Kd3 49. Ra6 Ke4 50. e6 fxe6 51. Rxe6+ Kd5 52. Ra6 Kc4 53. Ra8
Kd4 1/2-1/2

[Event "27th Hoogeveen Open 2024"]
[Site "Hoogeveen NED"]
[Date "2024.10.30"]
[Round "5.25"]
[White "Ambrona Navarro, Himar"]
[Black "Darie, Aden"]
[Result "0-1"]
[WhiteElo "1971"]
[BlackElo "1928"]
[WhiteFideId "94740925"]
[BlackFideId "1094831"]
[EventDate "2024.10.26"]

1. d4 Nf6 2. c4 e6 3. Nf3 b6 4. g3 Ba6 5. b3 Bb4+ 6. Bd2 Be7 7. Nc3 c6 8. Bg2 d5
9. Ne5 Nfd7 10. Nxd7 Nxd7 11. cxd5 cxd5 12. O-O O-O 13. Re1 Nf6 14. a3 Rc8 15.
f3 Qd7 16. Qc2 Rc6 17. Qb2 Rfc8 18. Rec1 Ne8 19. Be1 e5 20. e3 exd4 21. exd4 Bf6
22. Bf2 Qc7 23. Na2 Rc2 24. Rxc2 Qxc2 25. Qxc2 Rxc2 26. Re1 Nd6 27. Nb4 Rxf2 28.
Kxf2 Bxd4+ 29. Re3 Nf5 30. Nc2 Bc5 31. b4 Nxe3 32. Nxe3 Bd4 33. Bh3 Bb2 34. a4
d4 35. Nd1 Ba3 36. b5 Bb7 37. Bf5 Bd5 38. Bd3 Bb3 39. Ke2 Bxa4 40. Nf2 Bb3 41.
Ne4 f6 42. Nd2 Bd5 43. f4 Bc5 44. Nf3 h6 45. Ne1 Kf7 46. Nc2 Ke6 47. Kf2 f5 48.
Ke2 g6 49. Ne1 Be7 50. Nc2 Bf6 51. Nb4 Be4 52. Bc4+ Kd6 53. Bf7 g5 54. Nc6 Bxc6
55. bxc6 Kxc6 56. Bg6 gxf4 57. gxf4 b5 58. Bxf5 Kc5 59. Kd3 a5 60. Bg4 Kb4 61.
Kc2 a4 62. Bd7 Ka5 63. Bf5 b4 64. Bd3 b3+ 65. Kd2 Kb4 66. Bg6 a3 67. Kc1 a2 0-1

[Event "27th Hoogeveen Open 2024"]
[Site "Hoogeveen NED"]
[Date "2024.10.30"]
[Round "5.26"]
[White "Den Heijer, Rolinde"]
[Black "Westerhof, Fleur"]
[Result "0-1"]
[WhiteElo "2018"]
[BlackElo "1904"]
[WhiteFideId "1068300"]
[BlackFideId "1080369"]
[EventDate "2024.10.26"]

1. e4 e5 2. Nf3 Nc6 3. Bc4 Bc5 4. c3 Nf6 5. d3 h6 6. O-O O-O 7. Re1 d6 8. h3 a6
9. Bb3 Be6 10. Nbd2 Ba7 11. Nf1 Re8 12. Ng3 d5 13. exd5 Bxd5 14. Bc2 Qd7 15. Be3
Bxe3 16. Rxe3 Nh7 17. Qe2 Ng5 18. Nxe5 Nxe5 19. Rxe5 Bxg2 20. Kxg2 Qxh3+ 21. Kg1
Rxe5 22. Qd1 Re1+ 23. Qxe1 Nf3# 0-1